<?xml version="1.0" encoding="UTF-8"?><?xml-stylesheet type="text/xsl" href="static/style.xsl"?><OAI-PMH xmlns="http://www.openarchives.org/OAI/2.0/" xmlns:xsi="http://www.w3.org/2001/XMLSchema-instance" xsi:schemaLocation="http://www.openarchives.org/OAI/2.0/ http://www.openarchives.org/OAI/2.0/OAI-PMH.xsd"><responseDate>2026-04-13T03:03:33Z</responseDate><request verb="GetRecord" identifier="oai:www.recercat.cat:2117/107078" metadataPrefix="marc">https://recercat.cat/oai/request</request><GetRecord><record><header><identifier>oai:recercat.cat:2117/107078</identifier><datestamp>2025-07-22T20:30:16Z</datestamp><setSpec>com_2072_1033</setSpec><setSpec>col_2072_452951</setSpec></header><metadata><record xmlns="http://www.loc.gov/MARC21/slim" xmlns:dcterms="http://purl.org/dc/terms/" xmlns:xsi="http://www.w3.org/2001/XMLSchema-instance" xmlns:doc="http://www.lyncode.com/xoai" xsi:schemaLocation="http://www.loc.gov/MARC21/slim http://www.loc.gov/standards/marcxml/schema/MARC21slim.xsd">
   <leader>00925njm 22002777a 4500</leader>
   <datafield ind2=" " ind1=" " tag="042">
      <subfield code="a">dc</subfield>
   </datafield>
   <datafield ind2=" " ind1=" " tag="720">
      <subfield code="a">Ruiz Arozarena, Xavi</subfield>
      <subfield code="e">author</subfield>
   </datafield>
   <datafield ind2=" " ind1=" " tag="260">
      <subfield code="c">2016-03</subfield>
   </datafield>
   <datafield ind2=" " ind1=" " tag="520">
      <subfield code="a">En el present projecte s’ha definit una situació inicial en el que un laboratori farmacèutic&#xd;
pretén llançar al mercat un nou producte l’any vinent i vol obtenir el màxim benefici possible de &#xd;
les vendes d’aquest. Per tant, per donar-lo a conèixer, el laboratori ha de desplegar una xarxa de &#xd;
delegats dedicats a la promoció del producte mitjançant visites a metges.&#xd;
L’objectiu del projecte, per tant, és organitzar la xarxa d’agents comercials pel territori amb la &#xd;
finalitat d’obtenir un nombre màxim de vendes a partir de l’impacte que aquestes generin sobre els &#xd;
metges visitats.&#xd;
Per tant, es fa un estudi dels paràmetres que intervenen en el cas i es crea un model d’assignació  &#xd;
de  visites  que  calcula  l’organització  òptima  d’aquestes  amb  l’objectiu  de&#xd;
maximitzar les vendes i, en conseqüència, de beneficis per l’empresa.</subfield>
   </datafield>
   <datafield tag="653" ind2=" " ind1=" ">
      <subfield code="a">Àrees temàtiques de la UPC::Economia i organització d'empreses::Màrqueting</subfield>
   </datafield>
   <datafield tag="653" ind2=" " ind1=" ">
      <subfield code="a">Sales &amp; Marketing Management</subfield>
   </datafield>
   <datafield tag="653" ind2=" " ind1=" ">
      <subfield code="a">Màrqueting</subfield>
   </datafield>
   <datafield ind2="0" ind1="0" tag="245">
      <subfield code="a">Disseny del pla comercial per maximitzar els beneficis en el llançament d'un producte farmacèutic</subfield>
   </datafield>
</record></metadata></record></GetRecord></OAI-PMH>